Sistemas de comunicación
Gardado en:
| Autor Principal: | |
|---|---|
| Formato: | Libro |
| Idioma: | Lingua castelá |
| Publicado: |
Ciudad de México
McGraw-Hill
1986
|
| Subjects: | |
| Tags: |
Engadir etiqueta
Sen Etiquetas, Sexa o primeiro en etiquetar este rexistro!
|
MARC
| LEADER | 00000nam a2200000 a 4500 | ||
|---|---|---|---|
| 001 | UCY1106 | ||
| 003 | CL-VaPUC | ||
| 008 | 940820e19860000MX |||||||||||||||||spa|d | ||
| 082 | 0 | 4 | |a 621.382 |b LAT |2 21 |
| 100 | |a Lathi, Bhagwandas Pannalal |e author |9 598530 | ||
| 245 | 1 | 0 | |a Sistemas de comunicación |
| 300 | |a 703 p | ||
| 942 | |c BK | ||
| 945 | |d 19940820 00:00:00 |a mfernand | ||
| 260 | |a Ciudad de México |b McGraw-Hill |c 1986 | ||
| 650 | 7 | |a SISTEMAS DE TELECOMUNICACION |2 CL-VaPUC |9 260753 | |
| 650 | 0 | |a Comunicación digital |9 260754 | |
| 650 | 0 | |a Teoría de la comunicación |9 260752 | |
| 583 | |a last modification |c 20160914 01:44:43 |k Rodrigo Vera | ||
| 999 | |c 229907 |d 229905 | ||
| 952 | |0 0 |1 0 |2 ddc |4 0 |6 621_382000000000000_LAT_1986 |7 0 |8 A |9 231627 |a BIBING |b BIBING |c RES |d 2019-11-15 |i 2945592 |o 621.382 LAT 1986 |p 2945592 |r 2025-01-20 |w 2019-11-15 |y BK |k EIE | ||
| 952 | |0 0 |1 0 |2 ddc |4 0 |6 621_382000000000000_LAT_1986 |7 0 |8 A |9 231628 |a BIBING |b BIBING |c RES |d 2019-11-15 |i 2945606 |o 621.382 LAT 1986 |p 2945606 |r 2025-01-20 |w 2019-11-15 |y BK |k EIE | ||